Một số vấn đề khoa học xã hội về Đồng bằng sông Cửu Long

Guardat en:
Dades bibliogràfiques
Autor principal: Viện Khoa học xã hội Việt Nam
Format: Llibre
Idioma:Undetermined
Publicat: Hà Nội KHXH 1982
Matèries:
Etiquetes: Afegir etiqueta
Sense etiquetes, Sigues el primer a etiquetar aquest registre!
Thư viện lưu trữ: Trung tâm Học liệu Trường Đại học Cần Thơ
LEADER 00624nam a2200169Ia 4500
001 CTU_5332
008 210402s9999 xx 000 0 und d
082 |a 305.9597 
082 |b V305 
100 |a Viện Khoa học xã hội Việt Nam 
245 0 |a Một số vấn đề khoa học xã hội về Đồng bằng sông Cửu Long 
245 0 |c Viện Khoa học xã hội Việt Nam 
260 |a Hà Nội 
260 |b KHXH 
260 |c 1982 
650 |a anthropo-geography,economic geography,vietnam - mekong river delta 
980 |a Trung tâm Học liệu Trường Đại học Cần Thơ